| 000 | 00426nam a2200145Ia 4500 | ||
|---|---|---|---|
| 008 | 230917s9999||||xx |||||||||||||| ||und|| | ||
| 040 |
_e53893 _aMAIN |
||
| 041 | _aEnglish | ||
| 082 | _a030.954 I2I(2001) | ||
| 100 | _aIndia, Ministry of Information & Broadcasting | ||
| 245 | 0 | _aIndia 2001: A reference annual | |
| 260 |
_aNew Delhi _bIndia, Ministry of Information & Broadcasting _c2001 |
||
| 300 | _a873 p. | ||
| 942 | _cBK | ||
| 999 |
_c106900 _d106900 |
||